[Event "UGA-chT"]
[Site "Kampala"]
[Date "2022.08.14"]
[Round "3"]
[White "Nkonge, Moses"]
[Black "Twebaze, Solomon"]
[Result "1-0"]
[WhiteElo "1705"]
[BlackElo "1204"]
[PlyCount "99"]
[EventDate "2022.07.10"]
[EventType "team-swiss"]
[EventRounds "14"]
[EventCountry "UGA"]
[SourceTitle "EXT 2024"]
[Source "ChessBase"]
[SourceDate "2023.10.10"]
[SourceVersion "1"]
[SourceVersionDate "2023.10.10"]
[SourceQuality "1"]
[WhiteTeam "Mengo CC"]
[BlackTeam "SOM Kawempe"]
[WhiteTeamCountry "UGA"]
[BlackTeamCountry "UGA"]

1. e4 e5 2. Nf3 d6 3. d4 exd4 4. Nxd4 Bd7 5. Bc4 Nf6 6. 0-0 Be7 7. Nc3 c6 8. a4 0-0 9. Bb3 Na6 10. Re1 Nc5 11. Ba2 a6 12. Bf4 a5 13. h3 h6 14. Bh2 Qb6 15. Nb3 Nxb3 16. Bxb3 Rad8 17. Qe2 Be6 18. Bxe6 fxe6 19. b3 Nh7 20. Nd1 Rf7 21. Ne3 Rdf8 22. f3 Bh4 23. Rf1 Bg5 24. Rfe1 Rf6 25. Bxd6 R8f7 26. Kh1 Rg6 27. Nc4 Qd8 28. Rad1 Qf6 29. Ne5 Bh4 30. Rf1 Qg5 31. Nxg6 Qxg6 32. Bh2 Nf6 33. Rd8+ Kh7 34. Rdd1 Nh5 35. e5 Bg3 36. Qd3 Rf5 37. Rd2 Bxh2 38. Kxh2 Qg3+ 39. Kh1 Nf4 40. Qe4 Kg6 41. Qe1 Qxe1 42. Rxe1 Rg5 43. Kh2 h5 44. c4 Kf5 45. g3 Ng6 46. h4 Nxe5 47. hxg5 Nxf3+ 48. Kh3 Nxd2 49. Kh4 Kg6 50. Rxe6+ 1-0

[Event "UGA-chT"]
[Site "Kampala"]
[Date "2022.07.24"]
[Round "2"]
[White "Twebaze, Solomon"]
[Black "Otika, Elvis Brain"]
[Result "1-0"]
[WhiteElo "1204"]
[BlackElo "1559"]
[PlyCount "57"]
[EventDate "2022.07.10"]
[EventType "team-swiss"]
[EventRounds "14"]
[EventCountry "UGA"]
[SourceTitle "EXT 2024"]
[Source "ChessBase"]
[SourceDate "2023.10.10"]
[SourceVersion "1"]
[SourceVersionDate "2023.10.10"]
[SourceQuality "1"]
[WhiteTeam "SOM Kawempe"]
[BlackTeam "Butikiro CC"]
[WhiteTeamCountry "UGA"]
[BlackTeamCountry "UGA"]

1. e4 d6 2. Nc3 Nf6 3. h3 g6 4. Bc4 Bg7 5. Nf3 0-0 6. d3 a6 7. Bd2 Nc6 8. a3 Nd7 9. Qc1 Nde5 10. Nxe5 Nxe5 11. Ba2 Re8 12. Bh6 Bh8 13. Qf4 e6 14. 0-0 Nc6 15. Qd2 Nd4 16. f4 f5 17. Rae1 Bf6 18. Bg5 Kh8 19. e5 dxe5 20. Bxf6+ Qxf6 21. Rxe5 Bd7 22. Qf2 Nc6 23. Re3 e5 24. Nd5 Qd6 25. Qh4 Kg7 26. c4 exf4 27. c5 Qxc5 28. Qf6+ Kh6 29. Rxf4 1-0